| 000 | 01217nam a22002657a 4500 | ||
|---|---|---|---|
| 005 | 20170124103034.0 | ||
| 010 | _aA-913217 | ||
| 020 | _c125.00 | ||
| 035 | _aA-913217 | ||
| 037 | _bCen Lib/Ret | ||
| 040 |
_aDPL _bHN |
||
| 082 |
_aउ _bगंगोपा |
||
| 100 |
_aगंगोपाध्याय, नारायण _947612 |
||
| 245 |
_aउपनिवेश / _cनारायण गंगोपाध्याय ; अनुवादक प्रबोधकुमार मजूमदार |
||
| 246 |
_aUpnivesh / _bby Narayan Gangopadhayaya ; anuvadak Prabodhkumar Majumdaar |
||
| 260 |
_aदिल्ली _bशब्दकार _c1997 |
||
| 270 |
_a159, गुरु अंगद नगर (वैस्ट) _bदिल्ली _e110092 |
||
| 300 |
_a216पृ. _c20सेमी (सजिल्द ) |
||
| 650 |
_aहिंदी साहित्य _x _z _9102730 |
||
| 650 |
_aहिंदी साहित्य--उपन्यास _v _9102731 |
||
| 650 |
_aHindi literature _9102732 |
||
| 650 |
_aHindi literature--Novel _9102733 |
||
| 700 |
_a मजूमदार, प्रबोधकुमार _942819 |
||
| 942 |
_2ddc _cHN _hउ _mगंगोपा |
||
| 999 |
_c116097 _d116097 |
||